000 00308nam a22001217a 4500
008 160520b xxu||||| |||| 00| 0 eng d
020 _a9780312474126
020 _a0312474121
041 _aeng
080 _a003.2
245 _aNews reporting and writing:
_cBrian S. Brooks; George Kennedy;
942 _2udc
_cBK
999 _c2289
_d2289